000 005300000a22001810004500
003 MACL
005 20160129120252.0
008 160129b xxu||||| |||| 00| 0 eng d
040 _aMACL
_cMACL
041 _aEnglish
082 _a510/AGA
100 _aAgarwal, Amit M
_931829
245 _aObjective Approach To Mathematics Vol-1
_bAlgebra Trigonometry Statistics Liner Programming Numerical Methods
260 _bArihant Prakashan,Meerut
_aMeerut
350 _a375
650 _aEngineering
_935227
942 _cBK
_k510/AGA
_2ddc
999 _c44758
_d44758